MDQL
is popping MORE tags! Check the
thread
!
Quizzes
Events
Quiz Creation
Community
Videos
Private Events
Remove Ads
Sign In
Join for FREE
Feedback
Dark Mode
Quiz Categories
Sports
Geography
Music
Movies
Television
Just For Fun
Miscellaneous
History
Literature
Language
Science
Gaming
Entertainment
Religion
Holiday
For Kids
Quiz Lab
Recent
Popular Today
Quiz Kudos Today
Editor Picks
Curator Picks
Quizzes by...
Day
Popularity
Type
Ratings
Length
Year
Community
Subscriptions
Recent Discussions
Orange Saloon
Badges
Playlists
Quests
Create
Leaderboards
Showdown
Live 5
Trivia Bingo
Activity
Puzzle Library
Sporcle Events
Private Events
Virtual Trivia
Globe League
Become a Host
Pub Owners
SporcleCon
Opinionation
Our Games
Videos
Blog
Mobile Apps
Partnerships
Remove Ads and Go Orange
Feedback
Television
TV Characters
TV Show
Sitcom
Network
Friends
Reality Shows
Cast
South Park
Star Trek
The Simpsons
Doctor Who
Television
TV Characters
TV Show
Sitcom
Network
Friends
Reality Shows
Cast
South Park
Star Trek
The Simpsons
Doctor Who
Random Quiz
Search Sporcle
×
Quiz Lab
Quiz Lab
Television
Lost (ABC)
Type in answers that appear in a list
Type in answers that appear in a list
Classic
Best Score? Go Orange.
Lost Season 1 Stats
Can you name the Lost Season 1?
By
chocoholic
8m
20 Questions
614 Plays
614 Plays
614 Plays
Comments
Comments
Give Quiz Kudos
Give Quiz Kudos
-
- Ratings
hide this ad
Replay
Link that replays current quiz
Next Quiz
Link to next quiz in quiz playlist
You Got
0%
They Got
Avg Score
81%
Avg Friend Score
Upgrade to see
Score Distribution
Jump to the score distribution portion of the page
Score
0/20
Timer
08:00
0
Plays Today
question
answer
% Correct
Whose eye is shown in the first scene of the pilot?
Jack
99.3%
Who is a heroin addict?
Charlie
97.6%
Who sews up this character?
Kate
95%
Who met the French woman first?
Sayid
94%
Who won the lottery with these numbers?
Hurley
93.3%
How long had the French transmission played?
16 years
92.2%
Who burned the first raft?
Walt
91%
Who told everyone that Kate was a fugitive?
Sawyer
89.9%
What is Claire's baby's name?
Aaron
89.1%
Who dies after a fall in a plane?
Boone
87.9%
question
answer
% Correct
Who kidnapped Claire & Charlie?
Ethan Rom
86.5%
What band is this man in and what was their biggest hit?
Driveshaft
85.5%
What did Kate want from the gun case?
plane
85%
What was the substance on this plane?
Nigerian priests
83.7%
Who poisoned Michael?
Sun
82.9%
Who gets eaten by the jungle monster in the pilot?
Pilot
79.6%
What are the numbers?
4815162342
71.8%
Who is Sayid's true love?
Nadia
67.3%
Who drowns?
Joanna
30.1%
Who is the science teacher that goes to the Black Rock?
Leslie Arzt
23.3%
Quiz Playlist
Details
Report
Send in Message
Add To Playlist
Classic:
Type in answers that appear in a list
Last Updated: Feb 16, 2017
Quiz Scoreboard
CHALLENGE
Sign Up to Join the Scoreboard
Show All
Scores
Hide
Comments
May contain spoilers
Recently Published
Two Season TV Shows II
by 123Four
Television
10m
Image Sorting: Flags VI
by Barbecue
Geography
2m
Find the 'City' Movie
by crazypaving
Movies
60s
More to Explore
Quiz From the Vault
Featured Blog Post
14 Easter Pick-up Lines to Find Eggs With
hide this ad
You Might Also Like...
Tags
Lost (ABC)
season
Today's Top Quizzes in Television
Browse Television
hide this ad
Today's Top Quizzes in Lost (ABC)
Browse Lost (ABC)
Top Contributed Quizzes in Television
1
Survivor Journey Challenge
2
Adjectives in 00s TV Shows
3
Brooklyn Nine Nine Logic Puzzle (How-To-Play)
4
Even More Two Season TV Shows
5
Total Drama Characters
6
Survivor Logic Puzzle: Heroes vs. Villains
7
Adjectives in 10s TV Shows
8
Survivor Heroes vs. Villains Logic Puzzle
9
Phoebe Buffay Quotes
10
Survivor Seasons
Explore More
Trending Topics
Anime
Crossword
NBA
Disney
Kpop
Harry Potter
Marvel
WWE
Soccer
Song
Pokémon
NFL
Country
The Office
Puzzle
hide this ad
More By:
chocoholic
Quiz
Plays
Rating
Category
Featured
Created
Lost Season 1
614
2.80
Television
May 28, 2011
The Alchemyst Series
85
4.00
Literature
May 27, 2011
Go to Creator's Profile
Score Distribution
Quiz Creator Spotlight
chocoholic
Follow
Send a Message
Quizzes Created
-
Created Quiz Play Count
-
More By This Creator
Popular Quizzes Today
1
Find the US States - No Outlines Minefield
2
Colored Red Africa Blitz
3
Find the 'City' Movie
4
5x2 Blitz: Bands
5
The Countries of the World
6
Find the Countries of Europe - No Outlines Minefield
7
Find the US States
8
US States
More Television Quizzes
Which Television Character?
Published
Trending Quizzes
Colored Red Europe Blitz I
Colored Red Africa Blitz II
Colored Red Europe Blitz II
Colored Red Africa Blitz III
Colored Red Europe Blitz III
Recently Updated
How Do You Spell That?
pecheneg
Godzilla Movies
pecheneg
Grab Bag: 4-10 Letters
pecheneg
2024 March Madness Bracket
pecheneg
Famous TV Couples
Peacemaker
Champions League XIs: Real Madrid
pecheneg
Largest US Cities 1790-2010
pecheneg
Rides in Walt Disney World
pecheneg
Most Oscar Losses (Acting)
pecheneg
Beyoncé Albums
pecheneg
Trending Topics
Crossword
Disney
NBA
Marvel
Anime
Harry Potter
Kpop
Soccer
WWE
The Office
NFL
Puzzle
Country
Song
Pokémon
Your Account Isn't Verified!
In order to create a playlist on Sporcle, you need to verify the email address you used during registration. Go to your
Sporcle Settings
to finish the process.
Report this User
Report this user for behavior that violates our
Community Guidelines
.
Details:
Send Report
Go to the Sporcle.com Mobile Site →
Comments